000 01094nam a2200229 a 4500
001 000036292
005 20240516195916.0
008 120112s1986 sp a 000 0 spa d
020 _a8471834065
040 _aDO-SdBNP
_bspa
_cBNPHU
245 0 4 _aLas mejores recetas de la cocina paso a paso /
_cautores de los textos y selección de recetas internacionales Savina Roggero, Antonio Piccinardi y Napo Faörenc ; traducción María Rosa Font.
260 _aBarcelona :
_bEdiciones Hymsa,
_c1986.
300 _a6 v. :
_bil., col. ;
_c29 cm.
505 0 _aContenido:
_gv.1.
_tEntrantes, caldos y cocidos, crepes y pastas. --
_gv.2.
_tArroces, aves y caza. --
_gv.3
_tCarnes y frutos de mar. --
_gv.4.
_tPescados de mar y pescados de agua dulce. --
_gv.5.
_tTartas y pasteles. --
_gv.6.
_tFrutas, dulces, helados y otros postres.
650 2 4 _aRecetas de cocina
_947089
650 2 4 _aComida
_xPreparación
_962417
650 2 0 _aGastronomía
_9362
700 1 _aRoggero, Savina
_962418
700 1 _aPiccinardi, Antonio
_962419
700 1 _aFaörenc, Napo
_962420
700 1 _aFont, María Rosa,
_etrad.
_962421
999 _c35783
_d35783